Wspólczesne wahania koniunkturalne w systemie rynkowym i gospodarce polskiej okresu transformacji

Gespeichert in:
Bibliographische Detailangaben
Weitere Verfasser: Barczyk, Ryszard
Format: Buch
Sprache:Polnisch
Englisch
Veröffentlicht: Poznan Wydawnictwo Akademii Ekonomicznej w Poznaniu 1998
Schriftenreihe:Zeszyty naukowe. Seria 1 Zeszyt 267
Schlagworte:
Tags: Tag hinzufügen
Keine Tags, Fügen Sie das erste Tag hinzu!

MARC

LEADER 00000nam a2200000 4500
001 c109225
005 20221221084920.4
022 |a 0208-4902 
041 0 |a pol 
041 0 |a eng 
044 |a PL 
245 1 0 |a Wspólczesne wahania koniunkturalne w systemie rynkowym i gospodarce polskiej okresu transformacji  |c Redaktor naukowy: Ryszard Barczyk 
264 1 |a Poznan  |b Wydawnictwo Akademii Ekonomicznej w Poznaniu  |c 1998 
300 |a 136 s. 
490 1 |a Zeszyty naukowe. Seria 1  |v Zeszyt 267 
830 0 |a Zeszyty naukowe. Seria 1  |v Zeszyt 267 
610 2 0 |a transformácia 
610 2 0 |a obdobie prechodné 
610 2 0 |a reformy hospodárske 
610 2 0 |a makroekonomika 
610 2 0 |a cykly hospodárske 
610 2 0 |a konjunktúra hospodárska 
610 2 0 |a neokeynesizmus 
610 2 0 |a investície zahraničné 
610 2 0 |a valuty 
610 2 0 |a kurz valutový 
610 2 0 |a stavebníctvo 
610 2 0 |a Poľsko 
610 2 0 |a Poznaň 
700 1 |a Barczyk, Ryszard